[Event "15PCR_PF1"]
[Site "?"]
[Date "2004.??.??"]
[Round "?"]
[White "Slavik, Miroslav"]
[Black "Brichacek, Milan"]
[Result "1/2-1/2"]
[WhiteElo "2182"]
[BlackElo "2048"]
[PlyCount "107"]
[EventDate "2004.??.??"]
[EventType "corr"]
[EventRounds "2"]
[SourceDate "2005.03.08"]

1. d4 d5 2. Nf3 Nf6 3. c4 e6 4. Nc3 c6 5. Qb3 Be7 6. g3 O-O 7. Bg2 Nbd7 8. O-O
Nb6 9. c5 Nc4 10. Qc2 e5 11. dxe5 Ng4 12. e4 d4 13. Ne2 Nce3 14. fxe3 d3 15.
Qc3 dxe2 16. Re1 f6 17. Rxe2 Nxe5 18. Nxe5 fxe5 19. Rd2 Qc7 20. b3 Be6 21. Bb2
Rad8 22. Rad1 Rxd2 23. Rxd2 Bf6 24. Rd1 Qf7 25. Rf1 Qd7 26. Bf3 Bh3 27. Qc4+
Be6 28. Qc2 Bg5 29. Qe2 Bf6 30. Rd1 Qe7 31. b4 Qf7 32. a3 Qg6 33. Rd2 Qh6 34.
h4 Qg6 35. Kh2 Qh6 36. Bh5 Kh8 37. Ba1 Kg8 38. a4 Kh8 39. Bb2 Kg8 40. a5 a6 41.
Rd1 Kh8 42. Rd6 Be7 43. Rd2 Bf6 44. Kg2 g6 45. Bf3 Qg7 46. Bg4 Qf7 47. Bxe6
Qxe6 48. Rd6 Qa2 49. Kh2 Rf7 50. Qf2 Kg7 51. Qc2 Kg8 52. Kg2 Kg7 53. Qc1 Kg8
54. Kh2 1/2-1/2

[Event "15PCR_PF1"]
[Site "?"]
[Date "2004.??.??"]
[Round "?"]
[White "Brichacek, Milan"]
[Black "Cvak, Rudolf"]
[Result "1/2-1/2"]
[WhiteElo "2048"]
[BlackElo "1920"]
[PlyCount "139"]
[EventDate "2004.??.??"]
[EventType "corr"]
[EventRounds "2"]
[SourceDate "2005.03.08"]

1. d4 Nf6 2. Bf4 e6 3. Nf3 d5 4. Nbd2 Nh5 5. Be5 f6 6. Bg3 Nxg3 7. hxg3 c5 8.
e4 cxd4 9. Nxd4 Nc6 10. Nxc6 bxc6 11. Bd3 f5 12. exf5 exf5 13. O-O Be7 14. c4
O-O 15. Re1 Bf6 16. Qc2 Rb8 17. Rab1 g6 18. Qa4 Qd6 19. Qxa7 Rb7 20. Qa3 Qxa3
21. bxa3 Ra7 22. cxd5 cxd5 23. Rb3 Kf7 24. Nf3 Re8 25. Rxe8 Kxe8 26. Bb5+ Ke7
27. Kf1 g5 28. a4 Kd6 29. Ke2 g4 30. Ne1 Re7+ 31. Kd1 Bd4 32. Nd3 Ra7 33. a3
Rc7 34. Rb1 Rc3 35. Rc1 Rxc1+ 36. Kxc1 Bb6 37. Kd2 Bb7 38. Ke2 d4 39. f3 Ba5
40. Nf4 Bc8 41. Bd3 Bc3 42. fxg4 fxg4 43. Bxh7 Kc5 44. Bg8 Kd6 45. Nd3 Ba5 46.
Nf2 Ke5 47. Bc4 Bd7 48. Bb5 Be6 49. Be8 Bc4+ 50. Nd3+ Kd6 51. Bb5 Be6 52. Nf4
Bf5 53. Kf2 Bc8 54. Be8 Bf5 55. Ke2 Bb6 56. Nd3 Ke7 57. Bh5 Kf6 58. Be8 Ke6 59.
Bh5 Kf6 60. Nf4 Ke5 61. Bg6 Bd7 62. Kd3 Bxa4 63. Kc4 Bc7 64. Nd3+ Kf6 65. Bh5
Kg5 66. Nc5 Kxh5 67. Nxa4 Bd6 68. Kxd4 Bxa3 69. Nc5 Kg5 70. Kd5 1/2-1/2

[Event "15PCR_PF1"]
[Site "?"]
[Date "2004.??.??"]
[Round "?"]
[White "Cvak, Rudolf"]
[Black "Batka, Josef"]
[Result "1/2-1/2"]
[WhiteElo "1920"]
[BlackElo "2251"]
[PlyCount "106"]
[EventDate "2004.??.??"]
[EventType "corr"]
[EventRounds "2"]
[SourceDate "2005.03.08"]

1. e4 c5 2. Nf3 Nc6 3. d4 cxd4 4. Nxd4 e5 5. Nb5 d6 6. c4 Be6 7. N1c3 a6 8. Na3
Be7 9. Be2 Bg5 10. O-O Bxc1 11. Rxc1 Nf6 12. Nc2 O-O 13. Qd2 Qb8 14. Rfe1 Rd8
15. b3 Qa7 16. Red1 Rac8 17. Bd3 Nd4 18. Bf1 Nxc2 19. Rxc2 Qc5 20. Qd3 Rc6 21.
Qd2 Rcc8 22. Qd3 Rc7 23. Be2 Kf8 24. Bf1 h6 25. a4 Qb6 26. Rb1 Qd4 27. Rd2 Qxd3
28. Bxd3 Ke7 29. g3 g5 30. Be2 a5 31. Kg2 Rc6 32. Kf3 Nd7 33. Ke3 Nc5 34. Bd1
Rb6 35. f3 f5 36. exf5 Bxf5 37. Nd5+ Kf7 38. Rbb2 Rc6 39. Bc2 Bxc2 40. Rdxc2
Rf8 41. Rf2 Rcc8 42. Rb1 Ke6 43. h4 Rf7 44. hxg5 hxg5 45. Rh1 Rcf8 46. Rh6+ Kd7
47. Rg6 Ne6 48. g4 Nd4 49. Rxg5 Rxf3+ 50. Rxf3 Rxf3+ 51. Ke4 Rf7 52. Rg8 Nxb3
53. g5 Nc5+ 1/2-1/2

[Event "15PCR_PF1"]
[Site "?"]
[Date "2004.??.??"]
[Round "?"]
[White "Slavik, Miroslav"]
[Black "Vinklarek, Vlastimil"]
[Result "1-0"]
[WhiteElo "2182"]
[BlackElo "2129"]
[PlyCount "79"]
[EventDate "2004.??.??"]
[EventType "corr"]
[EventRounds "2"]
[SourceDate "2005.03.08"]

1. e4 e5 2. Nc3 Nf6 3. Nf3 Nc6 4. Bb5 Bb4 5. O-O O-O 6. d3 d6 7. Bg5 Bxc3 8.
bxc3 Qe7 9. Rb1 Nd8 10. Bc4 c6 11. Bb3 Ne6 12. Be3 b6 13. h3 Bb7 14. Nh4 Qc7
15. Nf5 d5 16. Qf3 Nf4 17. Rfe1 Bc8 18. Bxf4 exf4 19. Nd4 dxe4 20. dxe4 Rd8 21.
e5 Nd5 22. Nb5 Qb8 23. Nd6 Be6 24. c4 Ne7 25. c5 Nd5 26. c4 Ne7 27. cxb6 Qxb6
28. c5 Qa6 29. Bxe6 fxe6 30. Rb7 Nf5 31. Reb1 Qxa2 32. Qg4 Rd7 33. Kh2 Rxb7 34.
Rxb7 Qa6 35. Qg5 Rf8 36. Rc7 Qa5 37. Rd7 Qd2 38. Rxa7 g6 39. Nxf5 Rxf5 40. Qh6
1-0

[Event "15PCR_PF1"]
[Site "?"]
[Date "2004.??.??"]
[Round "?"]
[White "Pecina, Pavel"]
[Black "Vinklarek, Vlastimil"]
[Result "1-0"]
[WhiteElo "2253"]
[BlackElo "2129"]
[PlyCount "79"]
[EventDate "2004.??.??"]
[EventType "corr"]
[EventRounds "2"]
[SourceDate "2005.03.08"]

1. e4 c5 2. Nf3 d6 3. d4 cxd4 4. Nxd4 Nf6 5. Nc3 a6 6. Be3 e5 7. Nb3 Be6 8. Be2
Be7 9. O-O Nbd7 10. a4 Nb6 11. a5 Nc4 12. Bc1 Rc8 13. Nd5 Bd7 14. Bxc4 Rxc4 15.
Nd2 Ra4 16. Rxa4 Bxa4 17. Nxe7 Kxe7 18. b3 Bb5 19. c4 Bc6 20. b4 Nxe4 21. Nxe4
Bxe4 22. Qe2 Bc6 23. f4 f6 24. b5 axb5 25. cxb5 Bd7 26. Bd2 Qe8 27. Rc1 Bxb5
28. Qg4 Bc6 29. Qxg7+ Ke6 30. f5+ Kxf5 31. Rf1+ Ke6 32. Rxf6+ Kd5 33. Qg3 Bb5
34. Bb4 Qe7 35. Qf3+ Kd4 36. Rxd6+ Qxd6 37. Bxd6 Re8 38. Qd1+ Ke4 39. Bc5 Bc6
40. Qf3# 1-0

[Event "15PCR_PF1"]
[Site "?"]
[Date "2004.??.??"]
[Round "?"]
[White "Batka, Josef"]
[Black "Slavik, Miroslav"]
[Result "1-0"]
[WhiteElo "2251"]
[BlackElo "2182"]
[PlyCount "93"]
[EventDate "2004.??.??"]
[EventType "corr"]
[EventRounds "2"]
[SourceDate "2005.03.08"]

1. e4 c6 2. c4 d5 3. exd5 cxd5 4. d4 Nf6 5. Nc3 e6 6. Nf3 Nc6 7. c5 Be7 8. Bb5
Bd7 9. Bxc6 Bxc6 10. Ne5 Nd7 11. Nxc6 bxc6 12. O-O e5 13. Be3 O-O 14. b4 a6 15.
a4 Re8 16. Rb1 exd4 17. Bxd4 Qc7 18. Qg4 Bf8 19. Rfc1 Rad8 20. f4 Re6 21. Qg3
Nf6 22. f5 Qxg3 23. hxg3 Ree8 24. b5 axb5 25. axb5 Ne4 26. bxc6 Rc8 27. Nxe4
Rxe4 28. Bf2 Rxc6 29. Rb8 Rc4 30. Rxc4 dxc4 31. Kf1 g6 32. g4 f6 33. Rb4 Kf7
34. Rxc4 Ke7 35. Rc3 Kd7 36. Rd3+ Ke8 37. Ke2 gxf5 38. gxf5 Rc7 39. Rd5 Rg7 40.
Kf3 Ra7 41. g4 Be7 42. Ke4 Ra2 43. Bd4 Ra6 44. Kd3 Ra8 45. Kc4 Rc8 46. Kb5 Rb8+
47. Ka6 1-0

[Event "15PCR_PF1"]
[Site "?"]
[Date "2004.??.??"]
[Round "?"]
[White "Batka, Josef"]
[Black "Vinklarek, Vlastimil"]
[Result "1-0"]
[WhiteElo "2251"]
[BlackElo "2129"]
[PlyCount "93"]
[EventDate "2004.??.??"]
[EventType "corr"]
[EventRounds "2"]
[SourceDate "2005.03.08"]

1. e4 e6 2. d4 d5 3. e5 c5 4. c3 Nc6 5. Nf3 Qb6 6. a3 c4 7. Nbd2 f6 8. Be2 fxe5
9. Nxe5 Nf6 10. f4 Be7 11. Bh5+ g6 12. Be2 O-O 13. O-O Bd6 14. Ndf3 Qc7 15. Qe1
b5 16. Ng5 a5 17. Qh4 Ne7 18. g4 Ra6 19. a4 b4 20. b3 cxb3 21. Bxa6 Bxa6 22.
Nxe6 Qxc3 23. Re1 Bxe5 24. fxe5 Nd7 25. Nxf8 Nxf8 26. Rb1 Bd3 27. Bb2 Qd2 28.
Rbd1 Qc2 29. Rxd3 Qxd3 30. Qxe7 Qh3 31. Qf6 Qxg4+ 32. Kh1 Ne6 33. Rf1 h5 34.
Qf7+ Kh8 35. Qe8+ Kh7 36. Qd7+ Kh8 37. Qxd5 Qe2 38. Qg2 Qd3 39. d5 Ng7 40. e6
Kh7 41. Bxg7 Kxg7 42. e7 Qe3 43. Qb2+ Kh7 44. Rf7+ Kh6 45. Qg7+ Kg5 46. Qf6+
Kh6 47. Qf4+ 1-0

[Event "15PCR_PF1"]
[Site "?"]
[Date "2004.??.??"]
[Round "?"]
[White "Vinklarek, Vlastimil"]
[Black "Batka, Josef"]
[Result "1/2-1/2"]
[WhiteElo "2129"]
[BlackElo "2251"]
[PlyCount "92"]
[EventDate "2004.??.??"]
[EventType "corr"]
[EventRounds "2"]
[SourceDate "2005.03.08"]

1. e4 c5 2. Nf3 Nc6 3. Bb5 e6 4. O-O Nge7 5. c3 a6 6. Ba4 b5 7. Bc2 Bb7 8. Re1
d5 9. exd5 Nxd5 10. a4 b4 11. d4 cxd4 12. Nxd4 Bc5 13. Nb3 Bd6 14. Qh5 Nf6 15.
Qh4 Qc7 16. Bg5 h6 17. Bxf6 gxf6 18. N1d2 f5 19. cxb4 Bxb4 20. Rac1 Qd8 21. Qf4
Qg5 22. Qxg5 hxg5 23. Bxf5 Na5 24. Be4 Nxb3 25. Nxb3 Bxe1 26. Bxb7 Rb8 27. Nc5
Ba5 28. Bxa6 Ke7 29. b3 Bb4 30. Ne4 f5 31. Nxg5 Bd2 32. Rc7+ Kd6 33. Rg7 Bxg5
34. Rxg5 Rxb3 35. h3 Rb1+ 36. Kh2 Rb2 37. f3 Ke7 38. Rg7+ Kf6 39. Rc7 Rg8 40.
Bf1 Ra2 41. Rc6 Rxa4 42. Bc4 Re8 43. g4 Ke5 44. Kg3 fxg4 45. hxg4 Ra3 46. Rb6
Rc3 1/2-1/2

[Event "15PCR_PF1"]
[Site "?"]
[Date "2004.??.??"]
[Round "?"]
[White "Kratochvil, Vaclav"]
[Black "Vinklarek, Vlastimil"]
[Result "1-0"]
[WhiteElo "2222"]
[BlackElo "2129"]
[PlyCount "105"]
[EventDate "2004.??.??"]
[EventType "corr"]
[EventRounds "2"]
[SourceDate "2005.03.08"]

1. e4 c6 2. d4 d5 3. exd5 cxd5 4. c3 e6 5. Nf3 Nc6 6. Bd3 Bd6 7. O-O Nge7 8.
Re1 O-O 9. Ne5 Nxe5 10. dxe5 Bc5 11. Nd2 Ng6 12. Qh5 Qh4 13. Qxh4 Nxh4 14. Nb3
Be7 15. Be3 Bd7 16. f4 Rfc8 17. Nd4 Rc7 18. g3 Ng6 19. h4 a6 20. h5 Nf8 21. g4
Ba4 22. g5 Rac8 23. Kf2 Nd7 24. Rg1 Nc5 25. Be2 Bd7 26. Kf3 b5 27. Rad1 Na4 28.
Rd2 Nc5 29. Bf1 Kh8 30. Rdg2 Rf8 31. Be2 Re8 32. Bd1 Na4 33. Rh2 Bc5 34. g6
fxg6 35. hxg6 h6 36. f5 exf5 37. Bxh6 gxh6 38. Rxh6+ Kg7 39. Rh7+ Kg8 40. Kf4
Nxb2 41. Be2 Nc4 42. Bf3 Nxe5 43. Bxd5+ Be6 44. Bxe6+ Rxe6 45. Rxc7 Rxg6 46.
Rxg6+ Nxg6+ 47. Kxf5 Ne7+ 48. Ke6 Bxd4 49. cxd4 Ng6 50. d5 Nf4+ 51. Ke5 Nd3+
52. Kf6 Nf2 53. Kf5 1-0

[Event "15PCR_PF1"]
[Site "?"]
[Date "2004.??.??"]
[Round "?"]
[White "Vinklarek, Vlastimil"]
[Black "Kratochvil, Vaclav"]
[Result "0-1"]
[WhiteElo "2129"]
[BlackElo "2222"]
[PlyCount "94"]
[EventDate "2004.??.??"]
[EventType "corr"]
[EventRounds "2"]
[SourceDate "2005.03.08"]

1. d4 d5 2. c4 e6 3. Nc3 Nf6 4. Nf3 Bb4 5. e3 O-O 6. cxd5 exd5 7. Bd3 Re8 8.
O-O c6 9. Qc2 Qe7 10. Re1 Ne4 11. Nd2 Bf5 12. a3 Bd6 13. Ncxe4 dxe4 14. Be2 Nd7
15. b3 Qh4 16. g3 Qh6 17. Bb2 Nf6 18. Bf3 Ng4 19. Nf1 Rad8 20. Bh1 Qe6 21. Rab1
Rc8 22. b4 Rcd8 23. Rbc1 Qg6 24. Bg2 Nf6 25. Nd2 Nd5 26. Nc4 Bc7 27. Na5 Rb8
28. Nb3 Re7 29. Nc5 Bd6 30. Nb3 h5 31. Na5 h4 32. Nc4 Bc7 33. Ba1 f6 34. Na5
Bd7 35. Bb2 a6 36. Nb3 f5 37. Nc5 Be8 38. Bc3 Bd6 39. Bb2 Qh6 40. Rcd1 hxg3 41.
hxg3 Bh5 42. Rc1 g5 43. Nb3 Bf3 44. Nd2 g4 45. Bxf3 gxf3 46. Nxf3 exf3 47. Qxf5
Rf8 0-1

[Event "15PCR_PF1"]
[Site "?"]
[Date "2004.??.??"]
[Round "?"]
[White "Kratochvil, Vaclav"]
[Black "Pecina, Pavel"]
[Result "1-0"]
[WhiteElo "2222"]
[BlackElo "2253"]
[PlyCount "71"]
[EventDate "2004.??.??"]
[EventType "corr"]
[EventRounds "2"]
[SourceDate "2005.03.08"]

1. e4 c5 2. Nf3 a6 3. c3 d6 4. d4 Nd7 5. Bd3 b5 6. O-O Bb7 7. Nbd2 c4 8. Bc2 e5
9. b3 cxb3 10. axb3 Ngf6 11. Bb2 Be7 12. Nh4 g6 13. Nhf3 O-O 14. Re1 Qc7 15.
Bd3 Nh5 16. Bf1 Nf4 17. c4 b4 18. c5 exd4 19. cxd6 Bxd6 20. Nc4 Bc5 21. Na5 Bc8
22. Bxd4 Ne6 23. Bb2 Ra7 24. Bc4 Qf4 25. Nc6 Rc7 26. Nce5 Ng5 27. Bc1 Nxf3+ 28.
Nxf3 Qf6 29. e5 Qb6 30. Ra2 Nb8 31. Bh6 Re8 32. Ng5 Be6 33. Ne4 Be7 34. Nd6
Bxc4 35. Nxe8 Be6 36. Nxc7 1-0

[Event "15PCR_PF1"]
[Site "?"]
[Date "2004.??.??"]
[Round "?"]
[White "Pecina, Pavel"]
[Black "Batka, Josef"]
[Result "1/2-1/2"]
[WhiteElo "2253"]
[BlackElo "2251"]
[PlyCount "89"]
[EventDate "2004.??.??"]
[EventType "corr"]
[EventRounds "2"]
[SourceDate "2005.03.08"]

1. e4 c5 2. Nf3 Nc6 3. d4 cxd4 4. Nxd4 e5 5. Nb5 d6 6. c4 Be6 7. Be2 Be7 8.
N1c3 a6 9. Na3 Bg5 10. Nc2 Bxc1 11. Rxc1 Nf6 12. O-O O-O 13. Qd3 Qb8 14. Rfd1
Rd8 15. Nd5 Bxd5 16. cxd5 Ne7 17. Ne3 Rc8 18. Ng4 Nd7 19. Qd2 Ng6 20. Ne3 Nf6
21. Bd3 Rxc1 22. Rxc1 Qd8 23. g3 Nd7 24. b4 Ne7 25. a4 Rc8 26. Rxc8 Qxc8 27. f3
Qc7 28. a5 h6 29. Nc4 Kf8 30. Qc2 Ke8 31. Kf1 f5 32. Kg2 g5 33. Qd2 f4 34. gxf4
exf4 35. e5 Nf5 36. Bxf5 Qxc4 37. exd6 Ne5 38. h4 Qb3 39. Be4 Nc4 40. Qd4 Ne3+
41. Kg1 Qd1+ 42. Qxd1 Nxd1 43. hxg5 hxg5 44. Bf5 Kd8 45. Be6 1/2-1/2

[Event "15PCR_PF1"]
[Site "?"]
[Date "2004.??.??"]
[Round "?"]
[White "Batka, Josef"]
[Black "Pecina, Pavel"]
[Result "1/2-1/2"]
[WhiteElo "2251"]
[BlackElo "2253"]
[PlyCount "90"]
[EventDate "2004.??.??"]
[EventType "corr"]
[EventRounds "2"]
[SourceDate "2005.03.08"]

1. e4 c5 2. c3 d5 3. exd5 Qxd5 4. d4 e5 5. Nf3 cxd4 6. Nbd2 dxc3 7. bxc3 Nc6 8.
Bc4 Qa5 9. Qb3 Qc7 10. O-O Bf5 11. Re1 Nf6 12. Nd4 Bg6 13. N2f3 Be7 14. Nb5 Qb8
15. Ba3 e4 16. Rad1 O-O 17. Bxe7 Nxe7 18. Nd6 Nc8 19. Bxf7+ Kh8 20. Ne5 Nxd6
21. Bxg6 hxg6 22. Re3 Nf5 23. Rh3+ Nh6 24. Nxg6+ Kh7 25. Nxf8+ Qxf8 26. Qxb7
Rd8 27. Qb1 Rxd1+ 28. Qxd1 Qc5 29. Qe2 Qd5 30. Qc2 Qc4 31. Re3 Nf5 32. Re1 a5
33. Qb3 Qc5 34. h3 Nd6 35. Qc2 Nd5 36. Rd1 Nb4 37. Qe2 Nd3 38. Rb1 g6 39. Qe3
Qxe3 40. fxe3 Kg7 41. Rb6 Nc4 42. Re6 Nde5 43. Ra6 Nd3 44. Re6 Nde5 45. Ra6 Kh6
1/2-1/2

[Event "15PCR_PF1"]
[Site "?"]
[Date "2004.??.??"]
[Round "?"]
[White "Slavik, Miroslav"]
[Black "Batka, Josef"]
[Result "1/2-1/2"]
[WhiteElo "2182"]
[BlackElo "2251"]
[PlyCount "101"]
[EventDate "2004.??.??"]
[EventType "corr"]
[EventRounds "2"]
[SourceDate "2005.03.08"]

1. d4 Nf6 2. c4 c5 3. d5 b5 4. cxb5 a6 5. bxa6 Bxa6 6. Nc3 d6 7. g3 g6 8. Nf3
Bg7 9. Bg2 Nbd7 10. O-O O-O 11. Re1 Qc7 12. Bd2 Nb6 13. Bf4 Rfb8 14. b3 Ng4 15.
Bd2 Bb7 16. e4 Nd7 17. h3 Nge5 18. Nxe5 Nxe5 19. Bf1 Ba6 20. Bxa6 Rxa6 21. Re3
c4 22. Rb1 Qc8 23. Kg2 Nd3 24. bxc4 Rxb1 25. Qxb1 Ne5 26. Nd1 Nxc4 27. Re2 Nxd2
28. Rxd2 Qa8 29. Rc2 Bd4 30. Rc7 Bf6 31. Qc1 Kg7 32. Ne3 Rxa2 33. Ng4 g5 34.
Ne3 Qa6 35. Qd1 Qb6 36. Rc2 Rxc2 37. Nf5+ Kf8 38. Qxc2 Qb8 39. Qc6 Qd8 40. Qc4
Qb8 41. h4 gxh4 42. gxh4 h5 43. Kh3 Be5 44. f3 Qe8 45. Qc7 Bf4 46. Qc6 Be5 47.
Ng3 Bxg3 48. Kxg3 f6 49. Qxe8+ Kxe8 50. Kf4 Kf8 51. Kf5 1/2-1/2

[Event "15PCR_PF1"]
[Site "?"]
[Date "2004.??.??"]
[Round "?"]
[White "Vinklarek, Vlastimil"]
[Black "Houdek, Vladimir"]
[Result "0-1"]
[WhiteElo "2129"]
[BlackElo "2185"]
[PlyCount "96"]
[EventDate "2004.??.??"]
[EventType "corr"]
[EventRounds "2"]
[SourceDate "2005.03.08"]

1. e4 c5 2. Nf3 e6 3. d4 cxd4 4. Nxd4 a6 5. Bd3 Bc5 6. Nb3 Be7 7. O-O d6 8. Qe2
Nf6 9. Bf4 e5 10. Bg3 Nc6 11. Rd1 O-O 12. Nc3 Be6 13. Nd5 Rc8 14. c3 Nd7 15.
Nd2 Nb6 16. Nf3 h6 17. Bc2 Na5 18. a4 Nxd5 19. exd5 Bd7 20. h3 f5 21. Bh2 Bf6
22. Nd2 Qc7 23. Re1 Bg5 24. Nf3 Bd8 25. Nd2 Qc5 26. Red1 Bg5 27. Nf3 Bf6 28.
Nd2 Nc4 29. Nxc4 Qxc4 30. Bd3 Qc7 31. Bb5 axb5 32. axb5 Qc5 33. Qc2 Qxb5 34.
Ra2 Rc5 35. b4 Rc4 36. Qd2 Rfc8 37. Ra3 Bg5 38. Qe1 Re4 39. Qf1 Qxf1+ 40. Kxf1
Rec4 41. Ra7 Bb5 42. Kg1 Rxc3 43. Kh1 R8c7 44. Ra5 Rc1 45. Rg1 Bf1 46. Ra8+ Kh7
47. Ra2 R7c4 48. Rb2 Rd4 0-1

[Event "15PCR_PF1"]
[Site "?"]
[Date "2004.??.??"]
[Round "?"]
[White "Pecina, Pavel"]
[Black "Cvak, Rudolf"]
[Result "1-0"]
[WhiteElo "2253"]
[BlackElo "1920"]
[PlyCount "107"]
[EventDate "2004.??.??"]
[EventType "corr"]
[EventRounds "2"]
[SourceDate "2005.03.08"]

1. e4 e6 2. d4 d5 3. Nd2 dxe4 4. Nxe4 Nd7 5. g3 Be7 6. Bg2 Ngf6 7. Nxf6+ Bxf6
8. Nf3 c5 9. c3 O-O 10. O-O cxd4 11. Nxd4 a6 12. Qe2 Qc7 13. Re1 Re8 14. Nc2
Nb6 15. Ne3 Be7 16. Ng4 Bd6 17. Be3 e5 18. Bxb6 Qxb6 19. Rad1 Be6 20. b3 Re7
21. Ne3 Rf8 22. Bd5 Qc5 23. Rd3 Bb8 24. Qf3 Bxd5 25. Nxd5 Re6 26. Qf5 Qa3 27.
Rd2 e4 28. Kg2 g6 29. Qh3 f5 30. g4 Be5 31. gxf5 gxf5 32. Kh1 Kh8 33. Qe3 b5
34. Rg1 Rfe8 35. b4 Rc6 36. f4 exf3 37. Qxf3 Rg6 38. Re1 Reg8 39. Qe3 Bg7 40.
Ne7 Qxc3 41. Rd3 Qf6 42. Nxg8 Kxg8 43. Qf3 h6 44. a3 Kh7 45. Rd7 Rg5 46. Rf1
Qg6 47. Rd5 Qc6 48. Rxf5 Rxf5 49. Qxc6 Rxf1+ 50. Kg2 Rf6 51. Qd7 Rg6+ 52. Kf3
Rf6+ 53. Ke4 Rf2 54. Ke3 1-0

[Event "15PCR_PF1"]
[Site "?"]
[Date "2004.??.??"]
[Round "?"]
[White "Cvak, Rudolf"]
[Black "Pecina, Pavel"]
[Result "0-1"]
[WhiteElo "1920"]
[BlackElo "2253"]
[PlyCount "106"]
[EventDate "2004.??.??"]
[EventType "corr"]
[EventRounds "2"]
[SourceDate "2005.03.08"]

1. e4 c5 2. Nf3 a6 3. Nc3 e6 4. d4 cxd4 5. Nxd4 Qc7 6. f4 b5 7. a3 Bb7 8. Bd3
Nc6 9. Nb3 Be7 10. O-O d6 11. Qh5 Bf6 12. Nd1 Nge7 13. Ne3 g6 14. Qh6 Ng8 15.
Qh3 Bg7 16. f5 Bc8 17. Qh4 Ne5 18. Be2 Bf6 19. Qf2 Bg7 20. a4 bxa4 21. Rxa4 Nf6
22. Qh4 O-O 23. Nd4 Bd7 24. Ra3 h6 25. c3 a5 26. Bd1 g5 27. Qh3 d5 28. exd5
exd5 29. Bb3 Nc4 30. Bxc4 dxc4 31. Ng4 Nxg4 32. Qxg4 Qb6 33. h4 gxh4 34. Qxh4
Ra6 35. Qe7 Rd8 36. Rf4 a4 37. Be3 Qf6 38. Qxf6 Bxf6 39. Nc2 Rb8 40. Ra2 Bg5
41. Rf3 Kg7 42. g4 Rd6 43. Nd4 Kf6 44. Bf4 Bxf4 45. Rxf4 Rh8 46. Kh2 h5 47. Kg3
hxg4 48. Rxg4 Rb8 49. Nf3 Rdb6 50. Rd4 Be8 51. Nd2 Rxb2 52. Ra1 Bc6 53. Nxc4
Rg8+ 0-1

[Event "15PCR_PF1"]
[Site "?"]
[Date "2004.??.??"]
[Round "?"]
[White "Vinklarek, Vlastimil"]
[Black "Pecina, Pavel"]
[Result "1/2-1/2"]
[WhiteElo "2129"]
[BlackElo "2253"]
[PlyCount "88"]
[EventDate "2004.??.??"]
[EventType "corr"]
[EventRounds "2"]
[SourceDate "2005.03.08"]

1. e4 c5 2. Nf3 a6 3. c3 d6 4. d4 Nd7 5. Bd3 b5 6. a4 c4 7. Bc2 Bb7 8. d5 e5 9.
Be3 Ngf6 10. Na3 Ng4 11. Bg5 Qb6 12. O-O h6 13. Bc1 Nc5 14. axb5 axb5 15. Nd4
Nxh2 16. Kxh2 exd4 17. cxd4 Nd7 18. b3 cxb3 19. Bxb3 Be7 20. Rb1 O-O 21. Bc4 b4
22. Nc2 Qc7 23. Rxb4 f5 24. exf5 Nb6 25. Ne3 Nxc4 26. Rxc4 Qd7 27. Rb4 Bg5 28.
f4 Bf6 29. g4 Ra2+ 30. Bb2 Rfa8 31. Qb3 R8a7 32. Rb1 Qf7 33. Kg1 Qe7 34. Ng2
Qf7 35. Rb5 Kh7 36. Kh2 R2a5 37. Rxa5 Rxa5 38. Ne3 Qe8 39. Qd3 Ba6 40. Qc3 Qe4
41. Ng2 Qxb1 42. Qxa5 Bc4 43. Qd2 Bxd5 44. Qe2 Kg8 1/2-1/2

[Event "15PCR_PF1"]
[Site "?"]
[Date "2004.??.??"]
[Round "?"]
[White "Brichacek, Milan"]
[Black "Pecina, Pavel"]
[Result "0-1"]
[WhiteElo "2048"]
[BlackElo "2253"]
[PlyCount "114"]
[EventDate "2004.??.??"]
[EventType "corr"]
[EventRounds "2"]
[SourceDate "2005.03.08"]

1. e4 g6 2. d4 Bg7 3. Nc3 d6 4. Nf3 Nf6 5. Be2 c6 6. O-O O-O 7. Re1 Bg4 8. Bg5
Qa5 9. Qd2 Nbd7 10. h3 Bxf3 11. Bxf3 Rfe8 12. a3 a6 13. Rad1 e5 14. d5 c5 15.
Nb1 Qc7 16. c4 b5 17. Qc2 Reb8 18. Nd2 Rb7 19. Be2 b4 20. a4 h6 21. Be3 Rf8 22.
b3 Kh7 23. Qd3 Ng8 24. Bg4 Ndf6 25. Nf3 Qd8 26. Nxe5 dxe5 27. Bxc5 Nxg4 28.
hxg4 Re8 29. Be3 Nf6 30. c5 Nxg4 31. Qxa6 Rb8 32. d6 Re6 33. f3 Nxe3 34. Rxe3
Bf8 35. Red3 h5 36. Qc4 Kg8 37. Kf1 h4 38. a5 h3 39. gxh3 Qh4 40. f4 Qxf4+ 41.
Kg1 Rf6 42. Kh1 Qf2 43. Qc1 Rf3 44. R1d2 Qg3 45. Qd1 Qxh3+ 46. Kg1 Qg3+ 47. Kh1
Re3 48. Rxe3 Qxe3 49. Kg2 Qxc5 50. d7 Rd8 51. Rd5 Qc3 52. Qb1 Bh6 53. a6 Bf4
54. Rd3 Qc6 55. Rd5 Rxd7 56. Qd3 Rc7 57. Qc4 Qb6 0-1

[Event "15PCR_PF1"]
[Site "?"]
[Date "2004.??.??"]
[Round "?"]
[White "Pecina, Pavel"]
[Black "Brichacek, Milan"]
[Result "1/2-1/2"]
[WhiteElo "2253"]
[BlackElo "2048"]
[PlyCount "129"]
[EventDate "2004.??.??"]
[EventType "corr"]
[EventRounds "2"]
[SourceDate "2005.03.08"]

1. e4 e6 2. d4 d5 3. Nd2 Nf6 4. e5 Nfd7 5. c3 c5 6. Bd3 Nc6 7. Ne2 cxd4 8. cxd4
f6 9. exf6 Nxf6 10. Nf3 Bd6 11. O-O O-O 12. Bg5 Qb6 13. Nc3 Qxb2 14. Nb5 Ne4
15. a4 Bb8 16. Bxe4 dxe4 17. Nd2 Rf5 18. Be3 Qb4 19. Nxe4 a6 20. Nbc3 Qe7 21.
Rb1 Qh4 22. h3 Qd8 23. Qb3 Na5 24. Qa2 Qc7 25. Ng3 Nc4 26. Nce4 Ra5 27. Bf4
Qxf4 28. Qxc4 Ba7 29. Rfc1 h6 30. Qc7 Qxc7 31. Rxc7 Rd5 32. Ne2 Rd7 33. Rc4 b6
34. Rc6 Rd8 35. N4c3 Kf7 36. Rb4 Bd7 37. Rc7 Ke7 38. Rb7 Rdb8 39. Rxb8 Rxb8 40.
f4 b5 41. axb5 axb5 42. Kf2 Bb6 43. g4 Ba5 44. Rb2 h5 45. Ra2 Bb6 46. Rb2 hxg4
47. hxg4 Ba5 48. Ne4 Bc6 49. Ke3 b4 50. f5 exf5 51. gxf5 Bd7 52. Kf4 Rh8 53.
N2g3 Bc6 54. Kg5 Kf8 55. Kg4 Bd5 56. Nc5 Ke7 57. Nh5 Rb8 58. Nf4 Kd6 59. Kg5
Bd8+ 60. Kg6 Bf6 61. Nd7 Rb5 62. Nxf6 gxf6 63. Nxd5 Kxd5 64. Kxf6 Kxd4 65. Kg6
1/2-1/2

[Event "15PCR_PF1"]
[Site "?"]
[Date "2004.??.??"]
[Round "?"]
[White "Houdek, Vladimir"]
[Black "Vinklarek, Vlastimil"]
[Result "1-0"]
[WhiteElo "2185"]
[BlackElo "2129"]
[PlyCount "103"]
[EventDate "2004.??.??"]
[EventType "corr"]
[EventRounds "2"]
[SourceDate "2005.03.08"]

1. Nf3 Nf6 2. d4 d5 3. c4 e6 4. Nc3 c6 5. e3 Nbd7 6. Qc2 Bd6 7. Be2 O-O 8. O-O
e5 9. cxd5 cxd5 10. Nb5 Bb8 11. dxe5 Nxe5 12. Bd2 Bg4 13. Nbd4 Nxf3+ 14. Bxf3
Qd6 15. g3 Bxf3 16. Nxf3 Ne4 17. Bc3 Rc8 18. Qb3 Nxc3 19. bxc3 Bc7 20. Rfd1 Qf6
21. Qxd5 Rab8 22. Rab1 Rd8 23. Qe4 Re8 24. Qg4 Qxc3 25. Rbc1 Qa5 26. Rd7 Bd8
27. a4 Rf8 28. Rb1 b6 29. Rb5 Qa6 30. Ne5 Qc8 31. Rxa7 Qxg4 32. Nxg4 f6 33. Kg2
Rf7 34. Ra6 Re7 35. Kf3 Rc8 36. e4 Rc3+ 37. Ne3 Kf7 38. Ra8 Rd7 39. Rd5 Ke7 40.
Ke2 g6 41. Rxd7+ Kxd7 42. Ra7+ Rc7 43. Rxc7+ Kxc7 44. Kd3 Kb7 45. Nd5 g5 46. f4
gxf4 47. gxf4 Kc6 48. Kc4 h5 49. h3 Kd6 50. Kd4 h4 51. Nxf6 Bxf6+ 52. e5+ 1-0

[Event "15PCR_PF1"]
[Site "?"]
[Date "2004.??.??"]
[Round "?"]
[White "Pecina, Pavel"]
[Black "Kratochvil, Vaclav"]
[Result "1-0"]
[WhiteElo "2253"]
[BlackElo "2222"]
[PlyCount "107"]
[EventDate "2004.??.??"]
[EventType "corr"]
[EventRounds "2"]
[SourceDate "2005.03.08"]

1. e4 c5 2. Nf3 Nc6 3. d4 cxd4 4. Nxd4 g6 5. c4 Bg7 6. Be3 Nf6 7. Nc3 O-O 8.
Be2 d6 9. O-O Bd7 10. Qd2 Nxd4 11. Bxd4 Bc6 12. Qd3 a5 13. Rad1 Nd7 14. Bxg7
Kxg7 15. Qd4+ f6 16. Nd5 Nc5 17. Qe3 a4 18. Rd2 Qa5 19. Rfd1 Rf7 20. f4 Qa7 21.
e5 fxe5 22. fxe5 e6 23. Nb4 dxe5 24. Qxe5+ Rf6 25. Nxc6 bxc6 26. Qe3 e5 27. Rd6
Rxd6 28. Rxd6 Ne4 29. Qxa7+ Rxa7 30. Rxc6 Rb7 31. Bf3 Nd2 32. Rxg6+ hxg6 33.
Bxb7 Nxc4 34. b4 axb3 35. axb3 Nd6 36. Bc6 Kf6 37. Kf2 g5 38. b4 Kf5 39. b5 Nc4
40. Kf3 Nd2+ 41. Ke3 Nc4+ 42. Kf3 Nd2+ 43. Kg3 Nc4 44. h3 Nb6 45. Kf3 Ke6 46.
Kg4 Kf6 47. h4 gxh4 48. Kxh4 Ke6 49. g4 Nc8 50. g5 Kf7 51. Kg4 Ke6 52. Kh5 Kd6
53. g6 Ne7 54. g7 1-0